000 00675nam a2200277Ia 4500
005 20260324120812.0
008 008 260324s9999 xx 000 0 eng d
020 _a9781315574455
037 _aEBOOK
040 _aCRL
040 _beng
040 _cCRL
041 _2eng
041 _aeng
084 _qCRL
100 _aStephanie Pitts; Karen Burland
_91160025
245 0 _aCoughing and Clapping: Investigating Audience Experience
260 _bTaylor and Francis
260 _c2014
365 _a
365 _b240
856 _uhttp://www.taylorfrancis.com/books/9781315574455
942 _cEBOOK
999 _c1751737
_d1751737